Dlhodobý majetok z pohľadu súčasnej právnej úpravy účtovníctva a finančnej analýzy

Klasifikácia dlhodobého majetku v účtovníctve. Členenie aktív v účtovníctve podnikateľov. Zložky dlhodobého majetku podľa RÚO. Dlhodobý majetok z hľadiska podnikovo hospodárskej náuky. Analýza dlhodobého majetku. Prístupy k odpisovaniu dlhodobého majetku. Analýza využitia dlhodobého hmotného majetku...

Description complète

Enregistré dans:
Détails bibliographiques
Auteur principal: Bartošová, Viera
Format: Chapitre de livre
Langue:slovaque
Sujets:
Tags: Ajouter un tag
Pas de tags, Soyez le premier à ajouter un tag!

MARC

LEADER 00000naa a2200000 4500
001 0243069
005 20180523074822.7
041 0 |a slo 
044 |a SK 
245 1 0 |a Dlhodobý majetok z pohľadu súčasnej právnej úpravy účtovníctva a finančnej analýzy  |c Viera Bartošová 
520 |a Klasifikácia dlhodobého majetku v účtovníctve. Členenie aktív v účtovníctve podnikateľov. Zložky dlhodobého majetku podľa RÚO. Dlhodobý majetok z hľadiska podnikovo hospodárskej náuky. Analýza dlhodobého majetku. Prístupy k odpisovaniu dlhodobého majetku. Analýza využitia dlhodobého hmotného majetku. 
610 2 0 |a majetok dlhodobý 
610 2 0 |a účtovníctvo 
610 2 0 |a úpravy právne 
610 2 0 |a analýza finančná 
610 2 0 |a podnikatelia 
610 2 0 |a odpisy účtovné 
100 1 |a Bartošová, Viera